Scritti sull'arte (Record no. 68767)

MARC details
000 -LEADER
fixed length control field 01765nam a2200325Ia 4500
001 - CONTROL NUMBER
control field 14281
003 - CONTROL NUMBER IDENTIFIER
control field IT-RoPAU
008 - FIXED-LENGTH DATA ELEMENTS--GENERAL INFORMATION
fixed length control field 130308s9999 xx 000 0 und d
040 ## - CATALOGING SOURCE
Original cataloging agency IT-RoPAU
040 ## - CATALOGING SOURCE
Transcribing agency IT-RoPAU
041 ## - LANGUAGE CODE
Language code of text/sound track or separate title ITALIANO
999 ## - SYSTEM CONTROL NUMBERS (KOHA)
Koha Dewey Subclass [OBSOLETE] SI
100 ## - MAIN ENTRY--PERSONAL NAME
Personal name Marx Karl
100 ## - MAIN ENTRY--PERSONAL NAME
Miscellaneous information Codice Aut. SPICS: 4072
245 ## - TITLE STATEMENT
Title Scritti sull'arte
245 ## - TITLE STATEMENT
Remainder of title Scritti sull'arte
250 ## - EDITION STATEMENT
Edition statement 2a ed.
260 ## - PUBLICATION, DISTRIBUTION, ETC. (IMPRINT)
Place of publication, distribution, etc. ROMA/BARI
260 ## - PUBLICATION, DISTRIBUTION, ETC. (IMPRINT)
Name of publisher, distributor, etc. Laterza
260 ## - PUBLICATION, DISTRIBUTION, ETC. (IMPRINT)
Date of publication, distribution, etc. 1974 [1° Ed.:1967 - Ed.Ling.Originale:]
300 ## - PHYSICAL DESCRIPTION
Extent "240 p. (prefazione: no ; testo: 240)"
500 ## - GENERAL NOTE
General note Introduzione di Carlo Salinari Questioni Generali di Orientamento materialismo Storico Idee Universali e Classi dominanti Tradizioni Storiche Condizionamento Storico dell'arte Sviluppo Storico del Senso Artistico ruolo del Lavoro nel Processo formativo dell'arte Marxismo Volgarec Storia dell'arte e della Letteratura Tragedia Greca di Eschilo Antica Schiavitu' e Cultura Mondiale Amore Sessuale Individuale nella Letteratura Antica e Medievale Epoca del Rinascimento Dante Robinson Crusoe Diderot Rousseau Goethe Chateaubriand Thomas Carlyle Realismo di Balzac Tragedia rivoluzionaria Società Capitalistica e Suoi riflessi nell'Arte Divisione del Lavoro e Coscienza Sociale patologia Industriale Lavoro Intellettuale e Manuale nella Società Capitalistica Alienazione potenza Modificatrice del Denaro Arte e Modo di Produzione Borghese impiego del Lavoro Artistico nella Società Capitalistica Fine della classe dominante Umanesimo Socialista Arte nella Società Comunista
650 ## - SUBJECT ADDED ENTRY--TOPICAL TERM
Topical term or geographic name as entry element SAGGI DI ESTETOLOGIA
650 ## - SUBJECT ADDED ENTRY--TOPICAL TERM
Relator term Codice materia Spics: 5111
700 ## - ADDED ENTRY--PERSONAL NAME
Personal name Engels Friedrich
700 ## - ADDED ENTRY--PERSONAL NAME
Miscellaneous information Codice Aut. SPICS: 6937
942 ## - ADDED ENTRY ELEMENTS (KOHA)
Koha item type LIBRO
957 ## -
-- 1
999 ## - SYSTEM CONTROL NUMBERS (KOHA)
-- 1
Holdings
Withdrawn status Lost status Damaged status Not for loan Home library Current library Date acquired Total Checkouts Full call number Date last seen Price effective from Koha item type Public note
    Buone Condizioni Not For Loan SPICS-MEDIATECA SPICS-MEDIATECA 08/03/2013   14281 08/03/2013 08/03/2013 LIBRO Progressivo inserimento: 23159 / N. Volumi: 1 Copie: 1 Copia Rara: SI / data import: 1 marzo 2013 - By Epidotti, Trombetti, Vaglietti.
CREDITS: SOCIETA' SAN PAOLO Via A.Severo, 58 - ROMA (RM) & PERIODICI SAN PAOLO SRL Via Giotto, 36 MILANO & CISF Via Giotto, 36 MILANO & EDIZIONI SAN PAOLO SRL,  Piazza Soncino, 5 CINISELLO BALSAMO (MI) -- ITALY